Strategic Management (Record no. 3311)

000 -LEADER
fixed length control field nam a22 a 4500
005 - DATE AND TIME OF LATEST TRANSACTION
control field 20170522112427.0
008 - FIXED-LENGTH DATA ELEMENTS--GENERAL INFORMATION
fixed length control field 170522b2001 xxu||||| |||| 00| 0 eng d
020 ## - INTERNATIONAL STANDARD BOOK NUMBER
International Standard Book Number 0324017316 (Concepts and Cases Edi.)
020 ## - INTERNATIONAL STANDARD BOOK NUMBER
International Standard Book Number 0324048912 (Concepts Edi.)
020 ## - INTERNATIONAL STANDARD BOOK NUMBER
International Standard Book Number 0324048920 (Cases Edi.)
040 ## - CATALOGING SOURCE
Original cataloging agency AKMAL
082 ## - DEWEY DECIMAL CLASSIFICATION NUMBER
Classification number 658.4012 HIT
090 ## - LOCALLY ASSIGNED LC-TYPE CALL NUMBER (OCLC); LOCAL CALL NUMBER (RLIN)
Classification number (OCLC) (R) ; Classification number, CALL (RLIN) (NR) 658.4012
Local cutter number (OCLC) ; Book number/undivided call number, CALL (RLIN) HIT
245 ## - TITLE STATEMENT
Title Strategic Management
Remainder of title Competitiveness and Globalization /
Statement of responsibility, etc. Micheal A. Hitt
260 ## - PUBLICATION, DISTRIBUTION, ETC.
Place of publication, distribution, etc. USA
Name of publisher, distributor, etc. Siouth-Western College Publishing
Date of publication, distribution, etc. 2001
300 ## - PHYSICAL DESCRIPTION
Extent 668 p.
Dimensions cm
700 ## - ADDED ENTRY--PERSONAL NAME
Personal name R. Duane Ireland
9 (RLIN) 6732
700 ## - ADDED ENTRY--PERSONAL NAME
Personal name Robert E. Hoskisson
9 (RLIN) 6733
942 ## - ADDED ENTRY ELEMENTS (KOHA)
Source of classification or shelving scheme
Koha item type Book
Holdings
Withdrawn status Lost status Source of classification or shelving scheme Damaged status Not for loan Collection code Home library Current library Shelving location Date acquired Inventory number Total Checkouts Full call number Barcode Date last seen Price effective from Koha item type
          NON-FICTION AKMAL Melaka AKMAL Melaka PINJAMAN 22.05.2017 602141   658.4012 HIT 201704301 22.05.2017 22.05.2017 Book
Pusat Sumber Maklumat Dato' Haji Sarmin Md Hussin, Akademi Kastam Diraja Malaysia, Melaka
Tel: 06-2331106 | Faks: 06-2313787